[Event "ECF Schools-ch"]
[Site "Nottingham"]
[Date "2024.06.28"]
[Round "4.4"]
[White "Mupfiga, Thabiso"]
[Black "Ahern, Paddy"]
[Result "0-1"]
[WhiteElo "1455"]
[BlackElo "1283"]
[PlyCount "102"]
[EventDate "2024.06.27"]
[EventType "team-swiss"]
[EventRounds "5"]
[EventCountry "ENG"]
[SourceTitle "EXT 2025"]
[Source "ChessBase"]
[SourceDate "2024.10.14"]
[SourceVersion "1"]
[SourceVersionDate "2024.10.14"]
[SourceQuality "1"]
[WhiteTeam "Leeds Grammar School"]
[BlackTeam "Bristol Grammar School"]
[WhiteTeamCountry "ENG"]
[BlackTeamCountry "ENG"]

1. d4 d5 2. Bf4 Nc6 3. Nf3 Nf6 4. e3 e6 5. h3 Bd6 6. Bxd6 cxd6 7. Bd3 e5 8. dxe5 dxe5 9. Be2 e4 10. Nd4 Nxd4 11. Qxd4 0-0 12. Nd2 Qb6 13. Qxb6 axb6 14. a4 Bd7 15. b3 b5 16. a5 Rfd8 17. 0-0 Bc6 18. c3 Ne8 19. b4 Nc7 20. Nb3 Ne6 21. Nd4 Nxd4 22. exd4 f5 23. f4 h6 24. Ra3 b6 25. Rfa1 Rdb8 26. a6 g5 27. fxg5 hxg5 28. Rf1 Rf8 29. a7 f4 30. Ra6 Rf7 31. Rxb6 Be8 32. Bxb5 Bxb5 33. Rxb5 Raxa7 34. Rxd5 Rg7 35. Ra5 Rac7 36. Rc1 g4 37. hxg4 Rxg4 38. Ra8+ Kf7 39. Kf2 Re7 40. Ra5 Kf6 41. c4 Rd7 42. d5 Ke5 43. b5 e3+ 44. Kf1 Ke4 45. b6 f3 46. gxf3+ Kxf3 47. Rc2 Re7 48. Ra3 Ke4 49. d6 Rf7+ 50. Ke1 Rg1+ 51. Ke2 Rf2# 0-1

[Event "ECF Schools-ch"]
[Site "Nottingham"]
[Date "2024.06.27"]
[Round "1.5"]
[White "Skaria, Joel"]
[Black "Ahern, Paddy"]
[Result "1-0"]
[WhiteElo "1596"]
[BlackElo "1283"]
[PlyCount "67"]
[EventDate "2024.06.27"]
[EventType "team-swiss"]
[EventRounds "5"]
[EventCountry "ENG"]
[SourceTitle "EXT 2025"]
[Source "ChessBase"]
[SourceDate "2024.10.14"]
[SourceVersion "1"]
[SourceVersionDate "2024.10.14"]
[SourceQuality "1"]
[WhiteTeam "King Edward VI Camp Hill School"]
[BlackTeam "Bristol Grammar School"]
[WhiteTeamCountry "ENG"]
[BlackTeamCountry "ENG"]

1. e4 e5 2. Nf3 Nc6 3. Bc4 Nf6 4. Ng5 Nxe4 5. Nxe4 d5 6. Bxd5 Qxd5 7. Nbc3 Qd8 8. d3 Be7 9. 0-0 0-0 10. f4 f5 11. Ng3 Bc5+ 12. Kh1 exf4 13. Bxf4 Re8 14. Qd2 Bd6 15. Bxd6 Qxd6 16. Nxf5 Bxf5 17. Rxf5 Qe6 18. Raf1 Nd4 19. R5f4 Ne2 20. Re4 Ng3+ 21. hxg3 Qg6 22. Qf2 Qh5+ 23. Kg1 Rf8 24. Rf4 Rxf4 25. Qxf4 g5 26. Qc4+ Kh8 27. Qd4+ Kg8 28. Qd5+ Kg7 29. Qe5+ Kh6 30. Nd5 g4 31. Rf6+ Qg6 32. Rxg6+ hxg6 33. Nf6 Rh8 34. Nxg4+ 1-0